000 00226nam a22001097a 4500
100 _aVicky
245 _aMy Big Picture Book of Colour & Shapes
250 _a2014
260 _bQuixol - Pub.
300 _a32
942 _2ddc
_cBK
999 _c11520
_d11520